| 000 | 00966nas a2200325 4500 | ||
|---|---|---|---|
| 001 | BR0901075 | ||
| 003 | BR-BrBNA | ||
| 005 | 20231205113135.0 | ||
| 007 | ta | ||
| 008 | 230509b bl.|||p| |||| 00| 00por d | ||
| 040 |
_aBR-BrBNA _bpor _cBiblioteca Nacional de Agricultura |
||
| 041 | _a(Pt) | ||
| 072 | _aL50; L51 | ||
| 100 | 1 | _aBrito, M.A. | |
| 100 | 1 | _aGonzález, F.D. | |
| 100 | 1 | _aRibeiro, L.A. | |
| 100 | 1 | _aCampos, R. | |
| 100 | 1 | _aLacerda, L. | |
| 100 | 1 | _aBarbosa, P.R. | |
| 100 | 1 | _aBergmann, G. | |
| 245 | 1 | _aComposição do sangue e do leite em ovinos leiteiros do sul do Brasil: variações na gestação e na lactação | |
| 650 | _aOVINO | ||
| 650 | _aCOMPOSIÇÃO QUÍMICA | ||
| 650 | _aHEMATOLOGIA | ||
| 650 | _aLEITE | ||
| 650 | _aFISIOLOGIA ANIMAL | ||
| 773 | 0 |
_tCiência Rural (Brazil) _xISSN 0103-8478 _g(May-Jun 2006), v. 36(3) p. 942-948 _wBR0901075 |
|
| 909 |
_a202311 _bLúcia _c55 _dLúcia Elande |
||
| 942 |
_2AGRIS _n0 _cANA |
||
| 999 |
_c202068 _d202068 |
||